Geography General Knowledge Quiz #9 - Statistics

General Stats
  • This quiz has been taken 106 times
  • The average score is 6 of 10
Answer Stats
Question Answer % Correct
What country would you find the Taj Mahal? India
100%
What is the biggest country in North America? Canada
99%
What city would you find the Statue of Liberty in? New York
98%
Canterbury is a city in what country? United Kingdom
81%
What is the most sparsely populated country in the world? Mongolia
71%
What is the capital of Uzbekistan? Tashkent
63%
What Italian football team does the Portuguese Striker Ronaldo play for? Juventus
60%
Where is the busiest shipping port in the world? Shanghai
36%
What City is know as the Murder Capital? Tegucigalpa
26%
What's the Tenth biggest city in the World? Osaka
9%
No matching quizzes found
Score Distribution
Percent of People with Each Score
Percentile by Number Answered
Your Score History
You have not taken this quiz